00513nam a2200145Ia 450000500170000000800410001702000250005804000130008308200210009624500810011726000520019830000480025052100130029865000560031120221014104842.0220623s9999 xx 000 0 und d a9781426328374qpaper aDLCcDLC aJNF 031.02 NATIO 0aDK National Geographic Kids: Bet you didcNational Geographic Society (U.S.) aWashington, D.C., bNational Geographic, c2017 a192 pages : bcolor illustrations ;c 31 cm aJuvenile aCuriosities & Wondersvwonders Juvenile literature